000 00534nam a2200181Ia 4500
001 20592
005 20260306172817.0
008 260306t2010||||xx |||||||||||||| ||spa||
041 _aESP
082 _a343.4
_bR91D
100 _aRubio Correa, Marcial
_eAUT
245 0 _aLos derechos fundamentales en la jurisprudencia del tribunal constitucional:
_banálisis de los artículos 1, 2 y 3 de la constitución
260 _c2010
300 _a821 páginas :
_c24 cm.
650 _aGEN
654 _aCDE
942 _cLIB
_dJUS
_fJUS
_2ddc
_n
999 _c20592
_d20592